| 000 | 00394 a2200133 4500 | ||
|---|---|---|---|
| 001 | 87979 | ||
| 082 | _aPR 290 | ||
| 090 |
_c41448 _d41448 |
||
| 100 | _aEjaz Ahmed; Sultan Mahmood, Prof | ||
| 245 |
_aTo prepare adhesively bonded metallic single lap joint test specimens and experimental evaluation of strength _nG-68 |
||
| 260 |
_aRisalpur _bNUST _c2010 |
||
| 300 | _a44 p. | ||
| 500 | _aCAE NUST | ||
| 942 |
_aCAE NUST _kPR 290 |
||
| 999 |
_c323052 _d323052 |
||